| 000 | 00812cam a2200241 a 4500 | ||
|---|---|---|---|
| 005 | 20131016075338.0 | ||
| 008 | 010810s2002 ctu sb 000 0 eng | ||
| 041 | 1 | _aeng | |
| 080 | _a32 | ||
| 100 | 1 |
_aRousseau, Jean-Jacques, _d1712-1778. |
|
| 245 | 1 | 0 |
_aThe social contract / _cJean-Jacques Rousseau ; newly translated and with an indroduction by Willmore Kendall. |
| 260 |
_aChicago : _bHenry Regnery Company ; _c1954. |
||
| 300 |
_a171 p. ; _c18 cm. |
||
| 490 | 1 | _aA gateway edition | |
| 650 | 0 | _aShkenca politike | |
| 650 | 0 | _aKontrata shoqërore | |
| 650 | 0 | _aCivilizimi | |
| 655 | _aElectronic books. | ||
| 710 | _aebrary, Inc. | ||
| 830 | 0 | _aRethinking the Western tradition. | |
| 856 | 4 | 0 |
_uhttp://www.columbia.edu/cgi-bin/cul/resolve?clio6314021 _zClick here for full text. |
| 942 |
_2udc _cBK |
||
| 999 |
_c130 _d130 |
||